00349nam a2200121Ia 4500008004100000082002000041100001700061245003200078260003800110300000900148630001800157650005200175211118s9999||||xx |||||||||||||| ||und|| a894.8124bNAR-P aP`K, Narayan 0aP.K.Narayanante Lekhanangal bSimon & SchusteraNew Delhic2000 a107p xGeneral Stack aMalayalam LiteraturevMalayalam EssaysGeneralia